LEADER 01325nam a2200313 a 4500 001 000000137120 003 CaOOAMICUS 005 20140127095504.0 008 140127s2008 it u000 u ita r 020 $z978-88-598-0345-4* 040 $aPUL$bita 082 04$a342.02 245 03$aLa Costituzione nel Digesto /$ca cura di Alfonso Celotto. 260 $aTorino :$bUTET Giuridica ;$aMilanofiori Assago :$bWolters Kluwer,$cİ2008. 300 $aV, 255 p. ;$c25 cm. 500 $aTesto su due colonne. 504 $aBibliografia in nota. 610 14$aItalia.$tCostituzione della Repubblica Italiana.$0(OLS)http://pul/subject/12680 700 1 $aCelotto, Alfonso.$0(OLS)http://pul/name/65936 850 $aPUL 852 $aPUL$W1$xSL Diritto e Scienze Sociali 3$y79$m342. 02 CELAL 1$j158134$qDDC 21$B157553$CPULBib$Z2$F157553 $H108637 $82 941 1 $a9 960 $aCostituzione italiana$912680 996 $6020$z978-88-598-0345-4*$9(OLS)http://pul/number/139016 996 $6082$a342.02$9(OLS)http://pul/classification/1810 996 $6245$aLa Costituzione nel Digesto$9(OLS)http://pul/title/173586 996 $6260$aTorino :$bUTET Giuridica$9(OLS)http://pul/publisher/79191 996 $6260$aMilanofiori Assago :$bWolters Kluwer$9(OLS)http://pul/publisher/81463 LEADER 01207nam a2200301 u 4500 001 000000030806 003 CaOOAMICUS 005 20150825104438.0 008 970923s1992 it u000 u ita u 020 $a8831137336 035 $a10770164 040 $aPUL(R)$bita 100 1 $aBonora, Antonio,$dn. 1939.$0(OLS)http://pul/name/30752 245 13$aIl libro di Qoèlet /$cAntonio Bonora. 260 $aRoma :$bCittà Nuova,$cc1992. 300 $a175 p.$c20 cm 490 1 $aGuide spirituali all'Antico Testamento 830 0$aGuide spirituali all'Antico Testamento.$0(OLS)http://pul/title/41726 850 $aPUL 852 $aPUL$W1$xSL Religione 1$y3$m1 G 10$j42576$nBK-PRI$b $qStampati$B42576$CPULBib$Z2$F42576 $H $81 852 $aPUL$W1$xDP1 Fondo S. Lanza$y121$m3 L 67$j168015$qFondi$B168570$CPULBib$Z2$F168570 $HLAN2145 $82 941 1 $a8 941 1 $a1 961 $aINV: 69183 961 $aNota ms. di possesso: Sergio Lanza 996 $6020$a8831137336$9(OLS)http://pul/number/38658 996 $6245$aIl libro di Qoèlet$9(OLS)http://pul/title/42330 996 $6260$aRoma :$bCittà Nuova$9(OLS)http://pul/publisher/47927